[Event "Canada int. ch"]
[Site "Longueuil CAN"]
[Date "2019.10.12"]
[Round "2.15"]
[White "Han, Johnathan"]
[Black "Huang, Qiuyu"]
[Result "0-1"]
[WhiteElo "1598"]
[BlackElo "1946"]
[PlyCount "78"]
[EventDate "2019.10.11"]
[EventType "swiss"]
[EventRounds "5"]
[EventCountry "CAN"]

1. e4 c5 2. Nf3 Nc6 3. d4 cxd4 4. Nxd4 e5 5. Nb5 d6 6. N1c3 a6 7. Na3 b5 8. Nd5
Nge7 9. c4 Nd4 10. Be3 Nxd5 11. cxd5 Be7 12. Bd3 O-O 13. O-O f5 14. f3 f4 15.
Bxd4 exd4 16. Nc2 Bf6 17. Rc1 Qe8 18. Nb4 Ra7 19. Rf2 Bd7 20. Rfc2 Ra8 21. Qd2
Bd8 22. Nc6 Bb6 23. Kh1 Rf6 24. Bf1 Qh5 25. h3 Re8 26. Re1 Qg5 27. Bd3 Rh6 28.
Qd1 Qg3 29. Ree2 Bxh3 30. Kg1 Bd7 31. Rf2 Rh5 32. Qd2 Qh2+ 33. Kf1 Qh1+ 34. Ke2
Qh4 35. Kd1 Qg3 36. Kc1 Rh1+ 37. Rf1 Rxf1+ 38. Bxf1 d3 39. Qxd3 Qe1+ 0-1

[Event "Canada int. ch"]
[Site "Longueuil CAN"]
[Date "2019.10.12"]
[Round "2.16"]
[White "Saha, Ananda"]
[Black "Guerra, Osmany"]
[Result "1/2-1/2"]
[WhiteElo "2055"]
[BlackElo "2139"]
[PlyCount "104"]
[EventDate "2019.10.11"]
[EventType "swiss"]
[EventRounds "5"]
[EventCountry "CAN"]

1. d4 d5 2. Bf4 Nf6 3. e3 e6 4. c3 Be7 5. Nd2 O-O 6. Ngf3 c5 7. Bd3 Nc6 8. Qe2
Nh5 9. Bg3 g6 10. O-O c4 11. Bc2 f5 12. b3 b5 13. Ne5 Nxg3 14. hxg3 Nxe5 15.
dxe5 Qc7 16. Nf3 Bb7 17. b4 a5 18. a3 Ra6 19. Nd4 Qxe5 20. Nxb5 axb4 21. axb4
Rfa8 22. Rxa6 Rxa6 23. Nd4 Qc7 24. Rb1 e5 25. Nf3 Ra2 26. Qd1 Bf6 27. Ra1 Rxa1
28. Qxa1 Qb6 29. Qa4 Bc6 30. Qa1 f4 31. exf4 exf4 32. gxf4 Qxb4 33. Qa6 Qb7 34.
Qxb7 Bxb7 35. Nd4 Bxd4 36. cxd4 Kf7 37. Kf1 Kf6 38. Ke2 Bc8 39. Kd2 Bf5 40. Ba4
h5 41. g3 Be6 42. Bc2 Bf5 43. Ba4 Be4 44. Bd7 Bf5 45. Ba4 g5 46. fxg5+ Kxg5 47.
Bd1 Bg4 48. Ba4 h4 49. f4+ Kf5 50. Bc2+ Kf6 51. gxh4 Bh5 52. Kc3 Bg6 1/2-1/2

[Event "Canada int. ch"]
[Site "Longueuil CAN"]
[Date "2019.10.12"]
[Round "2.17"]
[White "Pace, Christopher"]
[Black "Robichaud, Louis"]
[Result "1-0"]
[WhiteElo "2136"]
[BlackElo "2041"]
[PlyCount "113"]
[EventDate "2019.10.11"]
[EventType "swiss"]
[EventRounds "5"]
[EventCountry "CAN"]

1. d4 Nf6 2. c4 g6 3. Nc3 Bg7 4. e4 d6 5. Nf3 O-O 6. Be2 e5 7. O-O Nc6 8. d5
Ne7 9. Ne1 Ne8 10. Be3 f5 11. f3 f4 12. Bf2 g5 13. c5 Ng6 14. Rc1 Rf7 15. cxd6
cxd6 16. Nb5 a6 17. Na3 b5 18. Nd3 Nf6 19. Nb4 g4 20. Nc6 Qf8 21. Kh1 h5 22.
Bb6 Bd7 23. Nb1 Bh6 24. a4 Kh7 25. axb5 axb5 26. Na3 g3 27. Nxb5 gxh2 28. Nc7
h4 29. Nxa8 Qxa8 30. Nd8 Rg7 31. Ne6 Rg8 32. Rc7 Kh8 33. Kxh2 Qe8 34. Qe1 Nh5
35. Qa5 Nf8 36. Nxf8 Bxf8 37. Rxd7 Qxd7 38. Qa7 Qe8 39. Rg1 Ng3 40. Bd3 h3 41.
gxh3 Qh5 42. Qa1 Qxf3 43. Qd1 Qxd1 44. Rxd1 Bh6 45. Bf2 Rb8 46. Rd2 Nh5 47. Rc2
f3 48. Bh4 Rb3 49. Bf1 Be3 50. Be7 Bf4+ 51. Kg1 Re3 52. Rc8+ Kh7 53. Bxd6 Re1
54. Rc3 Be3+ 55. Rxe3 Rxe3 56. Kf2 Rxe4 57. Bd3 1-0

[Event "Canada int. ch"]
[Site "Longueuil CAN"]
[Date "2019.10.12"]
[Round "2.18"]
[White "Nunez-Painchaud, Raphael"]
[Black "Chabot, Roland"]
[Result "1/2-1/2"]
[WhiteElo "2033"]
[BlackElo "2125"]
[PlyCount "76"]
[EventDate "2019.10.11"]
[EventType "swiss"]
[EventRounds "5"]
[EventCountry "CAN"]

1. d4 d6 2. c4 Nf6 3. Nc3 Nbd7 4. Nf3 c6 5. e4 e5 6. Be2 Be7 7. O-O O-O 8. b3
a6 9. Qc2 Qc7 10. Rd1 Re8 11. h3 b5 12. Be3 b4 13. Na4 c5 14. dxe5 dxe5 15. Nh2
Bb7 16. Bf3 Nf8 17. Ng4 Ne6 18. Nxf6+ Bxf6 19. Rd5 Be7 20. Rad1 Nd4 21. Bxd4
cxd4 22. c5 Rac8 23. Bg4 Bxd5 24. exd5 Bxc5 25. Rc1 Bd6 26. Bxc8 Rxc8 27. Qxc7
Rxc7 28. Rc4 Kf8 29. Kf1 Ke8 30. Ke2 Kd8 31. Kd3 f5 32. f3 h5 33. g4 g6 34. Nb2
Kd7 35. Rxc7+ Kxc7 36. Nc4 Kd7 37. Nb6+ Kc7 38. Nc4 Kd7 1/2-1/2

[Event "Canada int. ch"]
[Site "Longueuil CAN"]
[Date "2019.10.12"]
[Round "2.19"]
[White "Bannon, Eric"]
[Black "Turcotte, Jonathan"]
[Result "1-0"]
[WhiteElo "2125"]
[BlackElo "1976"]
[PlyCount "45"]
[EventDate "2019.10.11"]
[EventType "swiss"]
[EventRounds "5"]
[EventCountry "CAN"]

1. e4 c6 2. d4 d5 3. e5 Bf5 4. Nc3 e6 5. g4 Bg6 6. Nge2 c5 7. h4 h5 8. Nf4 Bh7
9. Nxh5 cxd4 10. Qxd4 Nc6 11. Bb5 Nge7 12. Bg5 a6 13. Bxc6+ Nxc6 14. Qf4 Qc7
15. O-O-O Bg6 16. Rhe1 Bxh5 17. gxh5 Bb4 18. h6 gxh6 19. Qf6 Rg8 20. Nxd5 exd5
21. e6 Bxe1 22. exf7+ Qxf7 23. Rxe1+ 1-0

[Event "Canada int. ch"]
[Site "Longueuil CAN"]
[Date "2019.10.12"]
[Round "2.20"]
[White "Poulin, Maurice"]
[Black "Martinez Mulet, Dario Leonel"]
[Result "0-1"]
[WhiteElo "1945"]
[BlackElo "2120"]
[PlyCount "50"]
[EventDate "2019.10.11"]
[EventType "swiss"]
[EventRounds "5"]
[EventCountry "CAN"]

1. e4 c6 2. d4 d5 3. exd5 cxd5 4. Bd3 Nc6 5. c3 Qc7 6. Ne2 Bg4 7. f3 Bh5 8. Nf4
Nf6 9. g4 Bg6 10. Bxg6 hxg6 11. g5 Nh5 12. Nxh5 Rxh5 13. f4 e6 14. Be3 Bd6 15.
O-O O-O-O 16. Rf2 Rh4 17. Qf1 Rdh8 18. c4 dxc4 19. Qxc4 Rg4+ 20. Kh1 Bxf4 21.
d5 Bxe3 22. Qxg4 Bxf2 23. Qg2 Nd4 24. Nc3 Nf3 25. Ne2 Rxh2+ 0-1

[Event "Canada int. ch"]
[Site "Longueuil CAN"]
[Date "2019.10.12"]
[Round "2.21"]
[White "Tanaka, Tyler"]
[Black "Sullivan, Andrew"]
[Result "1-0"]
[WhiteElo "2106"]
[BlackElo "1884"]
[PlyCount "61"]
[EventDate "2019.10.11"]
[EventType "swiss"]
[EventRounds "5"]
[EventCountry "CAN"]

1. e4 d5 2. exd5 Qxd5 3. Nc3 Qd8 4. d4 Nf6 5. Bc4 g6 6. h3 Bg7 7. Nf3 a6 8. a4
O-O 9. O-O Nc6 10. Re1 e6 11. Bg5 h6 12. Bh4 g5 13. Bg3 b6 14. d5 Na5 15. Ba2
exd5 16. Nxd5 Nxd5 17. Qxd5 Qxd5 18. Bxd5 c6 19. Ba2 Nb7 20. Ne5 Nd8 21. Ng6
Be6 22. Nxf8 Kxf8 23. Bxe6 Nxe6 24. c3 Bf6 25. Rad1 Be7 26. Rd7 b5 27. Bd6 Re8
28. axb5 axb5 29. Ra1 Bxd6 30. Rxd6 c5 31. Rb6 1-0

[Event "Canada int. ch"]
[Site "Longueuil CAN"]
[Date "2019.10.12"]
[Round "2.22"]
[White "Allard, Laurent"]
[Black "Xu, Daniel"]
[Result "1/2-1/2"]
[WhiteElo "2092"]
[BlackElo "1838"]
[PlyCount "177"]
[EventDate "2019.10.11"]
[EventType "swiss"]
[EventRounds "5"]
[EventCountry "CAN"]

1. e4 c5 2. Nf3 d6 3. d4 cxd4 4. Nxd4 Nf6 5. Nc3 a6 6. f3 e5 7. Nb3 Be6 8. Be3
h5 9. Qd2 Nbd7 10. Nd5 Bxd5 11. exd5 Rc8 12. c4 g6 13. Na5 Qc7 14. Be2 Bg7 15.
Rc1 O-O 16. b4 b6 17. Nc6 Nb8 18. c5 bxc5 19. bxc5 Nxc6 20. cxd6 Qxd6 21. dxc6
Rxc6 22. Qxd6 Rxd6 23. Kf2 Rb8 24. Rhd1 Rxd1 25. Rxd1 a5 26. a4 Bf8 27. Bb5 Bb4
28. Rc1 Nd5 29. Bg5 Nc3 30. Bf6 Bc5+ 31. Kf1 Bd4 32. f4 Nxb5 33. axb5 a4 34.
Bxe5 Bxe5 35. fxe5 Rxb5 36. Rc8+ Kg7 37. Ra8 Rb4 38. Ra7 Kf8 39. h3 Rb1+ 40.
Kf2 Ra1 41. h4 a3 42. g3 Ke8 43. Kg2 a2 44. Kh2 Kd8 45. Kg2 Kc8 46. Kh2 Kb8 47.
Ra5 Kb7 48. Kg2 Kb6 49. Ra8 Kc5 50. Kh2 Kd4 51. Kg2 Kxe5 52. Ra6 Ke4 53. Kh2
Ke5 54. Kg2 Kd5 55. Kh2 Kc5 56. Kg2 Kb5 57. Ra8 Kc6 58. Ra3 Kd6 59. Ra6+ Ke7
60. Ra7+ Kf8 61. Ra8+ Kg7 62. Ra7 Kh6 63. Ra5 Kg7 64. Ra7 Kf6 65. Ra6+ Ke5 66.
Ra7 f5 67. Ra5+ Kd6 68. Ra6+ Kc5 69. Ra5+ Kb6 70. Ra8 f4 71. gxf4 Kc5 72. Ra7
Kd4 73. Ra4+ Ke3 74. Ra3+ Ke4 75. Ra4+ Kf5 76. Kh2 Ke6 77. Kg2 Kd5 78. Ra8 Kd4
79. Ra7 Kd3 80. Ra3+ Ke2 81. Ra8 Ke3 82. Ra3+ Ke4 83. Ra4+ Kf5 84. Kh2 Rf1 85.
Rxa2 Rxf4 86. Kg3 Rg4+ 87. Kh3 Re4 88. Ra6 Re3+ 89. Kg2 1/2-1/2

[Event "Canada int. ch"]
[Site "Longueuil CAN"]
[Date "2019.10.12"]
[Round "2.23"]
[White "Nazareno, Merlin"]
[Black "Regis, Isaias"]
[Result "1-0"]
[WhiteElo "1873"]
[BlackElo "2090"]
[PlyCount "75"]
[EventDate "2019.10.11"]
[EventType "swiss"]
[EventRounds "5"]
[EventCountry "CAN"]

1. d4 Nf6 2. h3 g6 3. Nc3 Bg7 4. e4 d6 5. Be2 c5 6. Nf3 O-O 7. Bg5 cxd4 8. Nxd4
Qa5 9. Bd2 Qb6 10. Nb3 Nc6 11. Be3 Qd8 12. Qd2 Re8 13. Bh6 Bh8 14. h4 Be6 15.
h5 Rc8 16. Bg5 Bg7 17. Bh6 Bh8 18. f3 Na5 19. hxg6 fxg6 20. Bg5 Nxb3 21. axb3
a6 22. Bxf6 exf6 23. O-O-O Rc6 24. Nd5 Bg7 25. g4 Qc8 26. Kb1 b5 27. Rh2 Qb7
28. Rdh1 Qf7 29. Rxh7 Bxd5 30. exd5 Rc5 31. Bd3 Re5 32. Qh2 Kf8 33. Rh8+ Ke7
34. Ra8 Rc7 35. Qh7 f5 36. Rg8 Kf6 37. gxf5 gxf5 38. Qh4+ 1-0

[Event "Canada int. ch"]
[Site "Longueuil CAN"]
[Date "2019.10.12"]
[Round "3.1"]
[White "Steel, Henry"]
[Black "Ortiz Suarez, Isan Reynaldo"]
[Result "1-0"]
[WhiteElo "2410"]
[BlackElo "2555"]
[PlyCount "67"]
[EventDate "2019.10.11"]
[EventType "swiss"]
[EventRounds "5"]
[EventCountry "CAN"]

1. e4 c5 2. Nf3 d6 3. d4 cxd4 4. Nxd4 Nf6 5. Nc3 a6 6. Nb3 e6 7. g4 b5 8. Bg2
Bb7 9. g5 Nfd7 10. Be3 Be7 11. f4 O-O 12. Qg4 Nc6 13. O-O Nb6 14. Rad1 Nc4 15.
Bc1 Re8 16. Rd3 Bf8 17. Rh3 h6 18. Qg3 b4 19. Ne2 d5 20. gxh6 g6 21. f5 exf5
22. exf5 Bd6 23. Bf4 Re3 24. Rf3 Rxe2 25. fxg6 Kh8 26. gxf7 Qf8 27. Qg7+ Qxg7
28. hxg7+ Kxg7 29. Bxd6 Nxd6 30. f8=Q+ Rxf8 31. Rhg3+ Kh7 32. Rxf8 Ne5 33. Nd4
Rd2 34. Nf5 1-0

[Event "Canada int. ch"]
[Site "Longueuil CAN"]
[Date "2019.10.12"]
[Round "3.2"]
[White "Sambuev, Bator"]
[Black "Gomez Garrido, Camilo Ernesto"]
[Result "1/2-1/2"]
[WhiteElo "2513"]
[BlackElo "2471"]
[PlyCount "91"]
[EventDate "2019.10.11"]
[EventType "swiss"]
[EventRounds "5"]
[EventCountry "CAN"]

1. Nf3 c5 2. c4 Nc6 3. Nc3 g6 4. e3 Nf6 5. d4 cxd4 6. exd4 d5 7. Be2 Bg7 8. O-O
O-O 9. Re1 Be6 10. c5 Ne4 11. Bb5 Bg4 12. Nxe4 Bxf3 13. gxf3 dxe4 14. Bxc6 bxc6
15. Rxe4 e5 16. Re1 exd4 17. Bf4 Qd5 18. Bd6 Rfe8 19. Qb3 Qg5+ 20. Kf1 Qf5 21.
Rad1 Be5 22. Bxe5 Rxe5 23. Rxe5 Qxe5 24. Qa4 Qd5 25. Qxd4 Qxf3 26. Rd3 Qh1+ 27.
Ke2 Qxh2 28. b4 Qc7 29. Qd7 Qe5+ 30. Re3 Qf6 31. Rf3 Qb2+ 32. Kf1 Qxa2 33. Qxc6
Qc4+ 34. Kg2 Qg4+ 35. Rg3 Rc8 36. Qb7 Qe6 37. Re3 Qg4+ 38. Rg3 Qe6 39. Re3 Qg4+
40. Rg3 Qe6 41. Re3 Qc6+ 42. Qxc6 Rxc6 43. Re8+ Kg7 44. Re3 Kg8 45. Kf3 a5 46.
Ke4 1/2-1/2

[Event "Canada int. ch"]
[Site "Longueuil CAN"]
[Date "2019.10.12"]
[Round "3.4"]
[White "Roussel-Roozmon, Thomas"]
[Black "Leon Valdes, Jony Wilson"]
[Result "1-0"]
[WhiteElo "2472"]
[BlackElo "2393"]
[PlyCount "169"]
[EventDate "2019.10.11"]
[EventType "swiss"]
[EventRounds "5"]
[EventCountry "CAN"]

1. d4 Nf6 2. c4 c6 3. Nf3 d5 4. e3 e6 5. b3 Be7 6. Bb2 O-O 7. Bd3 Ne4 8. O-O
Nd7 9. Qc2 f5 10. Ba3 Bxa3 11. Nxa3 Qe7 12. Qb2 b6 13. Nc2 Bb7 14. b4 Rf6 15.
a4 a5 16. cxd5 exd5 17. bxa5 Rxa5 18. Ne5 c5 19. Nxd7 Qxd7 20. dxc5 bxc5 21.
Rfb1 Bc6 22. Bb5 Rf8 23. f3 Nd6 24. Qc3 Rfa8 25. Qxc5 Nxb5 26. axb5 Rxa1 27.
Rxa1 Rxa1+ 28. Nxa1 Bxb5 29. Nb3 Qc6 30. Qxc6 Bxc6 31. Nd4 Bd7 32. Kf2 Kf7 33.
Ke2 Ke7 34. Kd3 Kd6 35. Kc3 Ke5 36. Kd3 g5 37. f4+ gxf4 38. Nf3+ Kd6 39. exf4
Kc5 40. Kc3 Bc8 41. Nd4 Kd6 42. Nb3 Ba6 43. Nd4 Bc8 44. Kb4 Bd7 45. Kb3 Bc8 46.
Kc3 Bd7 47. Kb4 Bc8 48. Kb5 Bd7+ 49. Kb6 Bc8 50. Nb5+ Ke6 51. Kc5 Kf6 52. Nc7
d4 53. Kxd4 Bb7 54. g3 Bf3 55. Kc5 Ke7 56. Nb5 Bg2 57. Nd6 Ke6 58. Nc4 Ke7 59.
Ne3 Be4 60. Kd4 Kf6 61. g4 Bb1 62. g5+ Ke6 63. Kc5 Be4 64. Nf1 Bg2 65. Ng3 Bh3
66. Ne2 Bg4 67. Nd4+ Kf7 68. Kd5 Kg6 69. Ke5 Bh3 70. Nc2 h6 71. gxh6 Kxh6 72.
Ne3 Kg6 73. Kd4 Kh5 74. Kd3 Kh4 75. Ke2 Kh5 76. Kf2 Kh4 77. Kf3 Kh5 78. Kg3 Bg4
79. Nxg4 fxg4 80. Kf2 Kg6 81. Ke2 Kh5 82. Ke3 Kh4 83. Kf2 Kh3 84. Kg1 Kh4 85.
Kg2 1-0

[Event "Canada int. ch"]
[Site "Longueuil CAN"]
[Date "2019.10.12"]
[Round "3.5"]
[White "Duong, Thanh Nha"]
[Black "Perez Rodriguez, Luis Manuel"]
[Result "1/2-1/2"]
[WhiteElo "2165"]
[BlackElo "2345"]
[PlyCount "67"]
[EventDate "2019.10.11"]
[EventType "swiss"]
[EventRounds "5"]
[EventCountry "CAN"]

1. c4 e5 2. Nc3 Nf6 3. Nf3 Nc6 4. g3 d5 5. cxd5 Nxd5 6. Bg2 Nb6 7. O-O Be7 8.
a3 O-O 9. b4 Be6 10. d3 a5 11. b5 Nd4 12. Nxd4 exd4 13. Na4 Bd5 14. Nxb6 cxb6
15. a4 Bxg2 16. Kxg2 Qd5+ 17. Kg1 Rfe8 18. e4 dxe3 19. Bxe3 Bc5 20. d4 Bb4 21.
Rc1 h5 22. Qe2 h4 23. Qg4 Re4 24. Qh3 f5 25. Rfd1 Rae8 26. Bf4 Rxd4 27. Rxd4
Qxd4 28. Qxf5 Bc5 29. Rf1 Re1 30. Be3 Rxf1+ 31. Kxf1 Qxa4 32. Qd5+ Kh7 33. Qh5+
Kg8 34. Qd5+ 1/2-1/2

[Event "Canada int. ch"]
[Site "Longueuil CAN"]
[Date "2019.10.12"]
[Round "3.6"]
[White "Huang, Qiuyu"]
[Black "Bouvier, Jesse"]
[Result "1/2-1/2"]
[WhiteElo "1946"]
[BlackElo "2266"]
[PlyCount "36"]
[EventDate "2019.10.11"]
[EventType "swiss"]
[EventRounds "5"]
[EventCountry "CAN"]

1. e4 c5 2. Nf3 Nc6 3. d4 cxd4 4. Nxd4 Nf6 5. Nc3 e5 6. Ndb5 d6 7. Bg5 a6 8.
Na3 Be6 9. Nc4 Rc8 10. Ne3 Be7 11. Bxf6 Bxf6 12. Ncd5 Bg5 13. c3 Bxe3 14. Nxe3
Ne7 15. Qa4+ Qd7 16. Qxd7+ Kxd7 17. Bd3 Rhd8 18. Ke2 Ke8 1/2-1/2

[Event "Canada int. ch"]
[Site "Longueuil CAN"]
[Date "2019.10.12"]
[Round "3.7"]
[White "Ouellet, Maili-Jade"]
[Black "Zheng, Richard"]
[Result "1/2-1/2"]
[WhiteElo "2187"]
[BlackElo "2013"]
[PlyCount "84"]
[EventDate "2019.10.11"]
[EventType "swiss"]
[EventRounds "5"]
[EventCountry "CAN"]

1. d4 d5 2. c4 c6 3. Nf3 Nf6 4. Nc3 e6 5. Bg5 dxc4 6. e4 b5 7. e5 h6 8. Bh4 g5
9. Nxg5 hxg5 10. Bxg5 Nbd7 11. g3 Bb7 12. Bg2 Qb6 13. exf6 O-O-O 14. O-O c5 15.
d5 b4 16. Na4 Qa6 17. a3 Bxd5 18. Bxd5 Ne5 19. Qe2 Rxd5 20. axb4 cxb4 21. Nc3
Qd6 22. Nxd5 Qxd5 23. f3 Bc5+ 24. Be3 Nd3 25. Bxc5 Qxc5+ 26. Kh1 Rd8 27. Qe4
Rd5 28. Qh7 Qc7 29. Rab1 a5 30. Kg2 Re5 31. b3 Re2+ 32. Kh1 Nf2+ 33. Rxf2 Rxf2
34. bxc4 Rd2 35. Qh6 Qd8 36. Qg5 Rd1+ 37. Rxd1 Qxd1+ 38. Kg2 Qc2+ 39. Kg1 Qd1+
40. Kg2 Qc2+ 41. Kg1 Qd1+ 42. Kg2 Qc2+ 1/2-1/2

[Event "Canada int. ch"]
[Site "Longueuil CAN"]
[Date "2019.10.12"]
[Round "3.8"]
[White "Zhang, Chu Hang"]
[Black "Nicula, Marius"]
[Result "0-1"]
[WhiteElo "1829"]
[BlackElo "2176"]
[PlyCount "126"]
[EventDate "2019.10.11"]
[EventType "swiss"]
[EventRounds "5"]
[EventCountry "CAN"]

1. e4 g6 2. d4 Bg7 3. Be3 c6 4. Nc3 d5 5. Qd2 dxe4 6. Nxe4 Nd7 7. f3 Ndf6 8.
Nxf6+ Nxf6 9. c4 O-O 10. O-O-O Re8 11. g4 b5 12. h4 h5 13. Bd3 bxc4 14. Bb1 Rb8
15. gxh5 Nxh5 16. Ne2 e5 17. Bh6 Bh8 18. Rhg1 exd4 19. Nxd4 c5 20. Bxg6 fxg6
21. Qc2 Rb6 22. Rxg6+ Rxg6 23. Qxg6+ Ng7 24. Bxg7 Bxg7 25. Ne6 Qxd1+ 26. Kxd1
Rxe6 27. Qc2 Rd6+ 28. Ke1 Be6 29. Qa4 Rd7 30. Qc2 Rd5 31. f4 Bf7 32. Qe2 c3 33.
bxc3 Bxc3+ 34. Kf1 Kf8 35. Qg4 Rd8 36. Qe2 Rd2 37. Qb5 Bd4 38. Qb8+ Kg7 39.
Qxa7 Rxa2 40. Qd7 Rf2+ 41. Ke1 Rxf4 42. Qe7 Rf5 43. Kd2 Rh5 44. Qe4 Rd5 45.
Qg4+ Kf8 46. Qc8+ Ke7 47. Qb7+ Kf6 48. Qc6+ Kg7 49. Kc2 Bf6 50. Qa4 Rd4 51. Qb5
Rxh4 52. Qxc5 Rc4+ 53. Qxc4 Bxc4 54. Kd2 Bd4 55. Kc2 Kf6 56. Kd2 Ke5 57. Kc2
Ke4 58. Kd2 Kf3 59. Kc2 Ke3 60. Kc1 Kd3 61. Kb1 Kc3 62. Kc1 Be2 63. Kb1 Kb3 0-1

[Event "Canada int. ch"]
[Site "Longueuil CAN"]
[Date "2019.10.12"]
[Round "3.9"]
[White "Bannon, Eric"]
[Black "Hua, Eugene"]
[Result "1/2-1/2"]
[WhiteElo "2125"]
[BlackElo "2285"]
[PlyCount "79"]
[EventDate "2019.10.11"]
[EventType "swiss"]
[EventRounds "5"]
[EventCountry "CAN"]

1. e4 c5 2. Nf3 d6 3. c3 Nf6 4. Be2 g6 5. O-O Bg7 6. Re1 O-O 7. Bf1 Nc6 8. h3
e5 9. d4 cxd4 10. cxd4 exd4 11. Nxd4 d5 12. Nxc6 bxc6 13. Nc3 Nxe4 14. Nxe4
dxe4 15. Qa4 Bf5 16. g4 Be6 17. Rxe4 Bd5 18. Re2 Re8 19. Be3 Bf3 20. Rd2 Qc7
21. Qf4 Qxf4 22. Bxf4 Re4 23. Be3 Rb4 24. Bg2 Bxg2 25. Kxg2 Rxb2 26. Rxb2 Bxb2
27. Rb1 Be5 28. Rc1 Rc8 29. Bxa7 Ra8 30. Be3 Rxa2 31. Rxc6 Ra8 32. Rc2 Bg7 33.
Rd2 Re8 34. Rc2 Rd8 35. Rd2 Rxd2 36. Bxd2 f5 37. gxf5 gxf5 38. Kf3 Kf7 39. Ba5
Kg6 40. Bc7 1/2-1/2

[Event "Canada int. ch"]
[Site "Longueuil CAN"]
[Date "2019.10.12"]
[Round "3.10"]
[White "Hirschberg, Valerian"]
[Black "Tanaka, Tyler"]
[Result "1/2-1/2"]
[WhiteElo "2235"]
[BlackElo "2106"]
[PlyCount "71"]
[EventDate "2019.10.11"]
[EventType "swiss"]
[EventRounds "5"]
[EventCountry "CAN"]

1. Nf3 Nf6 2. c4 g6 3. g3 Bg7 4. Bg2 c5 5. d4 O-O 6. O-O d6 7. Nc3 Nc6 8. dxc5
dxc5 9. Be3 Ng4 10. Qxd8 Rxd8 11. Bxc5 Be6 12. h3 Nf6 13. Rfd1 Nd7 14. Bd4 Bxc4
15. Bxg7 Kxg7 16. Nd4 Nde5 17. Nc2 Ba6 18. f4 Nc4 19. b4 Nd6 20. Rxd6 Rxd6 21.
b5 Bxb5 22. Nxb5 Rd2 23. Nba3 Rxe2 24. Rd1 Rd8 25. Rxd8 Nxd8 26. Kf1 Rd2 27.
Be4 f5 28. Nc4 Rd1+ 29. Ke2 Rg1 30. Kf2 Rc1 31. Bd3 Rd1 32. Be2 Rc1 33. N4e3
Nc6 34. Bd1 Rb1 35. Ke2 Nb4 36. Nxb4 1/2-1/2

[Event "Canada int. ch"]
[Site "Longueuil CAN"]
[Date "2019.10.12"]
[Round "3.11"]
[White "Sasata, Robert"]
[Black "Zhong, Kevin"]
[Result "1-0"]
[WhiteElo "2212"]
[BlackElo "2099"]
[PlyCount "65"]
[EventDate "2019.10.11"]
[EventType "swiss"]
[EventRounds "5"]
[EventCountry "CAN"]

1. d4 d5 2. c4 e6 3. Nc3 Nf6 4. cxd5 exd5 5. Bg5 Be7 6. e3 c6 7. Bd3 Nbd7 8.
Nge2 h6 9. Bh4 Nh5 10. Bxe7 Qxe7 11. Qc2 Nb6 12. O-O-O Be6 13. Kb1 O-O-O 14.
Ka1 Kb8 15. Na4 Nxa4 16. Qxa4 Nf6 17. h3 Nd7 18. Rc1 Rc8 19. Nf4 Rc7 20. Rc3 g5
21. Nxe6 fxe6 22. Ra3 b6 23. Rc1 c5 24. Bb5 Rhc8 25. Rac3 c4 26. b3 Nf6 27.
bxc4 Ne4 28. R3c2 dxc4 29. Ba6 Rf8 30. Bxc4 Rxc4 31. Qxc4 Nd6 32. Qc6 Qd8 33.
e4 1-0

[Event "Canada int. ch"]
[Site "Longueuil CAN"]
[Date "2019.10.12"]
[Round "3.12"]
[White "Martinez Mulet, Dario Leonel"]
[Black "Tremblay, Rejean"]
[Result "1-0"]
[WhiteElo "2120"]
[BlackElo "2199"]
[PlyCount "61"]
[EventDate "2019.10.11"]
[EventType "swiss"]
[EventRounds "5"]
[EventCountry "CAN"]

1. d4 Nf6 2. c4 g6 3. Nc3 Bg7 4. e4 d6 5. Nf3 O-O 6. Be2 e5 7. O-O Nbd7 8. Be3
Re8 9. d5 a5 10. Nd2 h5 11. a3 Kh7 12. b4 Bh6 13. Bxh6 Kxh6 14. Nb3 axb4 15.
axb4 Rxa1 16. Qd2+ Kg7 17. Rxa1 Rh8 18. c5 h4 19. Ra8 Qe7 20. Qe3 Nh7 21. Nb5
Ndf6 22. Nd2 Rd8 23. cxd6 cxd6 24. Qb6 Ng5 25. f3 Ne8 26. Na7 Qd7 27. Bb5 Qc7
28. Nc4 f6 29. Nxc8 Rxc8 30. Qxc7+ Rxc7 31. Rxe8 1-0

[Event "Canada int. ch"]
[Site "Longueuil CAN"]
[Date "2019.10.12"]
[Round "3.13"]
[White "Masse, Hugues"]
[Black "Abou Nassif, Ahmad"]
[Result "1/2-1/2"]
[WhiteElo "2192"]
[BlackElo "2093"]
[PlyCount "104"]
[EventDate "2019.10.11"]
[EventType "swiss"]
[EventRounds "5"]
[EventCountry "CAN"]

1. e4 d6 2. d4 Nf6 3. Nc3 g6 4. f4 Bg7 5. Nf3 O-O 6. Bd3 Na6 7. O-O c5 8. d5 c4
9. Bxc4 b5 10. Bd3 b4 11. Nb1 Nc5 12. Nbd2 a5 13. a3 b3 14. Re1 Ng4 15. Nc4 Ba6
16. Ne3 bxc2 17. Bxc2 Nxe3 18. Rxe3 Qb6 19. Kh1 Rfb8 20. Rb1 a4 21. Bd2 Bc4 22.
Bc1 Nb3 23. Bxb3 Bxb3 24. Qe1 Rc8 25. Re2 Bc2 26. Ra1 Rab8 27. Be3 Qxb2 28. Rc1
Rc4 29. Qf2 Rbc8 30. Ne1 Qxc1 31. Bxc1 Bd1 32. Bd2 Bd4 33. Re3 Rb8 34. Qg3 Rb2
35. Rd3 Bc5 36. Bb4 Bf2 37. Qh3 Rb1 38. Rc3 Bg4 39. Rxc4 Bxh3 40. gxh3 Bxe1 41.
Bxe1 Rxe1+ 42. Kg2 Re2+ 43. Kf3 Rxh2 44. Kg3 Re2 45. Rxa4 Kg7 46. Kf3 Rh2 47.
Kg3 Re2 48. Kf3 Rd2 49. Ra7 Kf6 50. Ra6 Kg7 51. Ra7 Kf8 52. Ra8+ Kg7 1/2-1/2

[Event "Canada int. ch"]
[Site "Longueuil CAN"]
[Date "2019.10.12"]
[Round "3.14"]
[White "Hernandez Moya, Yuleisy"]
[Black "Prahov, Valentin"]
[Result "1-0"]
[WhiteElo "2173"]
[BlackElo "2057"]
[PlyCount "77"]
[EventDate "2019.10.11"]
[EventType "swiss"]
[EventRounds "5"]
[EventCountry "CAN"]

1. e4 c5 2. Nf3 e6 3. d4 cxd4 4. Nxd4 Nf6 5. Nc3 Nc6 6. Ndb5 d6 7. Bf4 e5 8.
Bg5 a6 9. Na3 b5 10. Nd5 Be7 11. Bxf6 Bxf6 12. c3 O-O 13. Nc2 Bg5 14. h4 Bh6
15. g4 g6 16. g5 Bg7 17. Qf3 f5 18. gxf6 Bxf6 19. Qg3 Ra7 20. O-O-O Be6 21.
Nce3 Rg7 22. Kb1 Qd7 23. Bh3 Bd8 24. Rdg1 Bxh3 25. Rxh3 Rxf2 26. Qxf2 Qxh3 27.
Ng4 h5 28. Ngf6+ Kh8 29. Nxh5 Rg8 30. Ndf6 Qe6 31. Qd2 g5 32. Nxg8 Kxg8 33.
hxg5 Qg6 34. Qd5+ Kh8 35. Qxc6 Qxh5 36. g6 Bg5 37. Qe8+ Kg7 38. Qf7+ Kh6 39.
Qh7# 1-0

[Event "Canada int. ch"]
[Site "Longueuil CAN"]
[Date "2019.10.12"]
[Round "3.15"]
[White "Qiao, Cindy"]
[Black "Cazelais, Marc"]
[Result "1/2-1/2"]
[WhiteElo "1731"]
[BlackElo "2170"]
[PlyCount "88"]
[EventDate "2019.10.11"]
[EventType "swiss"]
[EventRounds "5"]
[EventCountry "CAN"]

1. e4 g6 2. d4 Bg7 3. Nc3 c6 4. Be3 d5 5. f3 dxe4 6. Nxe4 Nf6 7. Qd2 O-O 8.
O-O-O a5 9. Bh6 Nbd7 10. Nf2 a4 11. g4 b5 12. h4 Nb6 13. h5 Qd5 14. hxg6 fxg6
15. Bxg7 Kxg7 16. Qh6+ Kg8 17. Bd3 Qf7 18. Ne4 Nbd5 19. Nh3 Qg7 20. Qh4 Nb4 21.
Nhg5 Ra7 22. Nc5 a3 23. Nce6 Bxe6 24. Nxe6 axb2+ 25. Kd2 Qf7 26. Nxf8 Kxf8 27.
Qh6+ Kg8 28. Qe3 Nfd5 29. Qe5 Qf4+ 30. Qxf4 Nxf4 31. Be4 Rxa2 32. Rb1 Nbd5 33.
c3 Ra3 34. Rxb2 Rxc3 35. Rc2 Rxc2+ 36. Kxc2 Kg7 37. Kb3 h5 38. gxh5 gxh5 39.
Bxd5 cxd5 40. Kb4 Kg6 41. Kxb5 Kg5 42. Rg1+ Kf5 43. Rh1 Kg5 44. Rg1+ Kf5
1/2-1/2

[Event "Canada int. ch"]
[Site "Longueuil CAN"]
[Date "2019.10.12"]
[Round "3.16"]
[White "Khan Wazeer, Ahmad"]
[Black "Pace, Christopher"]
[Result "1-0"]
[WhiteElo "1654"]
[BlackElo "2136"]
[PlyCount "59"]
[EventDate "2019.10.11"]
[EventType "swiss"]
[EventRounds "5"]
[EventCountry "CAN"]

1. d4 Nf6 2. c4 e6 3. Nc3 Bb4 4. Nf3 d5 5. Qa4+ Nc6 6. Ne5 O-O 7. Nxc6 Bxc3+ 8.
bxc3 Qd7 9. Ne7+ Qxe7 10. Ba3 c5 11. Bxc5 Qc7 12. Bxf8 Kxf8 13. e3 Bd7 14. Qa3+
Kg8 15. c5 b6 16. Bd3 bxc5 17. Qxc5 Qxc5 18. dxc5 Rc8 19. f3 Rxc5 20. Kd2 Kf8
21. Rab1 Ra5 22. g4 Ke7 23. Rb8 h6 24. a4 Kd6 25. h4 Ne8 26. Bb5 Nc7 27. Bxd7
Kxd7 28. Rg8 Ke7 29. Rxg7 Kf8 30. Rh7 1-0